| 000 | 01134cam a2200325 a 4500 | ||
|---|---|---|---|
| 999 |
_c2456 _d2456 |
||
| 001 | 2614631 | ||
| 003 | GZU | ||
| 005 | 20201030113327.0 | ||
| 008 | 980318s1998 njua r 001 0 eng | ||
| 010 | _a 98015621 | ||
| 020 | _a0136185886 | ||
| 035 | _a(DLC) 98015621 | ||
| 040 |
_aDLC _cDLC _dDLC |
||
| 050 | 0 | 0 |
_aLB1044.87 _b.B54 1998 |
| 082 | 0 | 0 |
_a025.06/37 _221 |
| 100 | 1 | _aBigham, Vicki Smith. | |
| 245 | 1 | 4 |
_aThe Prentice Hall directory of online education resources / _cVicki Smith Bigham, George Bigham. |
| 246 | 3 | 0 | _aDirectory of online education resources |
| 246 | 3 | 0 | _aOnline education resources |
| 260 |
_aParamus, N.J. : _bPrentice Hall, _cc1998. |
||
| 300 |
_ax, 390 p. : _bill. ; _c28 cm. |
||
| 500 | _aIncludes index. | ||
| 650 | 0 |
_aEducation _xComputer network resources _vDirectories. |
|
| 650 | 0 |
_aInternet in education _vDirectories. |
|
| 650 | 0 |
_aWeb sites _vDirectories. |
|
| 700 | 1 | _aBigham, George. | |
| 906 |
_a7 _bcbc _corignew _d1 _eocip _f19 _gy-gencatlg |
||
| 942 |
_2lcc _cBK _h1044.87 _iBIG _kLB |
||